000 00765nam a22002177a 4500
005 20250528163015.0
010 _a ENG-145057 ENG-131823
020 _a9789388096126
_c360.00
035 _aEN-115355
035 _aEN-128589
037 _bDBAD
082 _a005.133
100 _aRao, K.V. Sambasiva
_981420
245 _aObject Oriented Concepts through Java Programming/
_cK.V. Sambasiva Rao, D. suneetha, M. Seshu Bhavani
260 _aHyderabad
_bSevenHills International Publishers
_c2019
270 _bHyderabad
_a# 326/C, III Floor, Surneni Nilayam Near B K Guda Park, S R Nagar
_e500038
300 _axii, 460p.
_c24cm(pbk)
700 _aSuneetha, D.
_981421
700 _aBhavani, M. Seshu
_981422
942 _2ddc
_cEN
_h005.133
_mRAO
999 _c186420
_d186420